000 01261cam a22003131 4500
999 _c130207
_d130207
001 2665948
003 ARRUPE
005 20200129102311.0
008 700316s1968 enkacfj 000 0 eng
010 _a 72354167
015 _aB68-20452
020 _a0237444100
040 _aDLC
_cDLC
_dDLC
050 0 0 _aDA552
_b.D44
082 0 0 _a941.081/0924
100 0 _aVictoria,
_cQueen of Great Britain,
_d1819-1901.
_948982
245 1 0 _aDearest Mama:
_bletters between Queen Victoria and the Crown Princess of Prussia 1861-1864;
_cedited by Roger Fulford.
260 _aLondon,
_bEvans Bros.,
_c1968.
300 _axvi, 372 p.
_b31 plates, illus., geneal. tables, ports.
_c23 cm.
350 _a63/-
600 0 0 _aVictoria,
_cQueen of Great Britain,
_d1819-1901
_xCorrespondence.
_949012
600 0 0 _aVictoria,
_cEmpress, consort of Frederick III, German Emperor,
_d1840-1901
_xCorrespondence.
_949127
650 0 _aPrincesses
_zGermany
_zPrussia
_xCorrespondence.
_949128
650 0 _aQueens
_zGreat Britain
_xCorrespondence.
_949014
700 0 _aVictoria,
_cEmpress, consort of Frederick III, German Emperor,
_d1840-1901.
_949129
700 1 _aFulford, Roger,
_d1902-
_eed.
_949130
906 _a7
_bcbc
_corignew
_du
_encip
_f19
_gy-gencatlg
942 _2lcc
_cMONOGRAPH